000 01030pam a2200325 a 4500
999 _c1713
_d1713
001 015856828
003 Uk
005 20230120140543.0
008 110720s2011 enka j 000|1 eng|d
015 _aGBB189688
_2bnb
016 7 _a015856828
_2Uk
020 _a9781906230517 (pbk.) :
040 _aStDuBDS
_beng
_cStDuBDS
_dUk
_dKH8
042 _aukblsr
082 0 4 _a823.92 EVA
_223
100 1 _aEvans, Tony
_c(Children's fiction writer)
_eauthor
245 1 4 _aThe moonstone /
_cWilkie Collins ; retold by Tony Evans ; illustrated by Felix Bennett.
260 _aStroud :
_bReal Reads,
_c2011.
300 _a64 p. :
_bcol. ill. ;
_c20 cm.
336 _atext
_2rdacontent
337 _aunmediated
_2rdamedia
338 _avolume
_2rdacarrier
500 _aFormerly CIP.
_5Uk
650 0 _aJewelry theft
_vJuvenile fiction.
655 0 _aDetective and mystery stories.
655 0 _aChildren's stories.
700 1 _aBennett, Felix.
_eillustrator
700 1 _aCollins, Wilkie,
_d1824-1889.
_tMoonstone.
942 _2ddc
_cNFIC